[Event "Sivakasi Mahalingam Cup"]
[Site "Sivakasi"]
[Date "2023.07.24"]
[Round "8"]
[White "Srihari, Lakshmi"]
[Black "Dhanush, Ragav NS"]
[Result "1-0"]
[WhiteElo "2281"]
[BlackElo "1860"]
[PlyCount "164"]
[EventDate "2023.07.21"]
[EventType "swiss"]
[EventRounds "9"]
[EventCountry "IND"]
[SourceTitle "EXT 2024"]
[Source "ChessBase"]
[SourceDate "2023.10.10"]
[SourceVersion "1"]
[SourceVersionDate "2023.10.10"]
[SourceQuality "1"]

1. Nf3 Nf6 2. b3 d5 3. Bb2 Bf5 4. g3 h6 5. Bg2 e6 6. 0-0 Be7 7. d3 0-0 8. Nbd2 c6 9. Qe1 Bh7 10. e4 a5 11. a3 Re8 12. Qe2 b5 13. a4 bxa4 14. Rxa4 Na6 15. Ne5 Qc7 16. Raa1 Nb4 17. c4 dxe4 18. Nxe4 Nxe4 19. Bxe4 Bxe4 20. Qxe4 c5 21. Nf3 Qc6 22. Qg4 Bf8 23. Rad1 a4 24. bxa4 Rxa4 25. Bc1 Raa8 26. Rfe1 Qb7 27. d4 Nc2 28. Re2 Nxd4 29. Nxd4 cxd4 30. Rxd4 Ra1 31. Re1 Qc6 32. Red1 g6 33. Bb2 Rxd1+ 34. Rxd1 Bg7 35. Bxg7 Kxg7 36. Qd4+ Kg8 37. c5 e5 38. Qe3 Kg7 39. Rd6 Qc7 40. h4 h5 41. g4 hxg4 42. h5 Re6 43. Rxe6 fxe6 44. Qg5 Qxc5 45. Qxg6+ Kh8 46. Qh6+ Kg8 47. Qxe6+ Kh8 48. Qh6+ Kg8 49. Qg6+ Kh8 50. Qxg4 Qd5 51. Qg5 Qd1+ 52. Kh2 Qd4 53. Kg3 Qc3+ 54. Qe3 Qc7 55. Qh6+ Kg8 56. Qg6+ Kh8 57. Qf5 Kg7 58. Qe6 Qc3+ 59. f3 Qe1+ 60. Kg4 Qb4+ 61. Kh3 Qc3 62. Qg6+ Kh8 63. Qf6+ Kh7 64. Qf5+ Kg7 65. Qe4 Qc5 66. Qg6+ Kh8 67. h6 Qe7 68. Kg4 Qd7+ 69. Qf5 Qe7 70. Kh5 Qe8+ 71. Qg6 Qe7 72. Qg7+ Qxg7 73. hxg7+ Kxg7 74. Kg5 e4 75. fxe4 Kf7 76. Kf5 Ke7 77. Kg6 Kd6 78. Kh7 Ke5 79. Kh6 Kxe4 80. Kg7 Kd4 81. Kf6 Kd5 82. Kf5 Kd6 1-0

[Event "Sivakasi Mahalingam Cup"]
[Site "Sivakasi"]
[Date "2023.07.23"]
[Round "5"]
[White "Dhanush, Ragav NS"]
[Black "Yashwanth, Babu P"]
[Result "1-0"]
[WhiteElo "1860"]
[BlackElo "1667"]
[PlyCount "87"]
[EventDate "2023.07.21"]
[EventType "swiss"]
[EventRounds "9"]
[EventCountry "IND"]
[SourceTitle "EXT 2024"]
[Source "ChessBase"]
[SourceDate "2023.10.10"]
[SourceVersion "1"]
[SourceVersionDate "2023.10.10"]
[SourceQuality "1"]

1. d4 Nf6 2. c4 e6 3. Nf3 Bb4+ 4. Nbd2 0-0 5. a3 Be7 6. e4 d6 7. Be2 Nfd7 8. b4 e5 9. Bb2 Bf6 10. Qc2 Re8 11. d5 Qe7 12. 0-0 b6 13. Nb3 a5 14. Rfe1 g6 15. Bc3 a4 16. Nc1 Bg7 17. Bd3 Nf8 18. Ne2 Bd7 19. Bb2 Na6 20. Nc3 Nb8 21. Bc1 f6 22. Be3 h6 23. Rab1 Qf7 24. Nb5 Bxb5 25. cxb5 Ra7 26. Rbc1 g5 27. Nd2 h5 28. Qd1 Kh7 29. Be2 Kh6 30. h4 Nh7 31. Nf1 f5 32. Ng3 fxe4 33. Bxh5 Qd7 34. Bxe8 Qxe8 35. hxg5+ Nxg5 36. Nf5+ Kg6 37. Nxg7 Kxg7 38. Qg4 Qg6 39. Bxg5 Kf7 40. Rc3 c5 41. bxc6 Rc7 42. Rxe4 b5 43. Rf3+ Kg8 44. Be7 1-0

[Event "Rajapalayam Ramco op"]
[Site "Rajapalayam"]
[Date "2019.12.02"]
[Round "5"]
[White "Dhanush, Ragav NS"]
[Black "Lokesh, N1111"]
[Result "1/2-1/2"]
[WhiteElo "1927"]
[BlackElo "2238"]
[PlyCount "78"]
[EventDate "2019.11.30"]
[EventType "swiss"]
[EventRounds "8"]
[EventCountry "IND"]
[SourceTitle "CBM 193 Extra"]
[Source "ChessBase"]
[SourceDate "2020.01.31"]
[SourceVersion "1"]
[SourceVersionDate "2020.01.31"]
[SourceQuality "1"]

1. d4 Nf6 2. Nf3 d5 3. c4 e6 4. Nc3 c5 5. cxd5 Nxd5 6. e4 Nxc3 7. bxc3 cxd4 8. cxd4 Bb4+ 9. Bd2 Bxd2+ 10. Qxd2 0-0 11. Bd3 Nc6 12. Bc2 Qa5 13. Qxa5 Nxa5 14. Rc1 Rd8 15. Ke2 b6 16. Bd3 Bb7 17. Rc7 Rac8 18. Rhc1 f6 19. Ke3 Rxc7 20. Rxc7 Rc8 21. Rxc8+ Bxc8 22. Nd2 Kf8 23. Nc4 Nxc4+ 24. Bxc4 Ke7 25. h4 Kd6 26. g3 Bd7 27. f4 b5 28. Bb3 a5 29. a3 e5 30. dxe5+ fxe5 31. f5 Ke7 32. g4 g6 33. Bc2 Be8 34. Bd3 Kd6 35. g5 Kc5 36. Bb1 Bf7 37. Kd3 Bc4+ 38. Kc3 Bf7 39. f6 Be6 1/2-1/2

[Event "New Delhi Parsvnath op-B 17th"]
[Site "New Delhi"]
[Date "2019.01.11"]
[Round "9"]
[White "Sham, R."]
[Black "Dhanush, Ragav NS"]
[Result "0-1"]
[WhiteElo "1590"]
[BlackElo "1854"]
[PlyCount "63"]
[EventDate "2019.01.09"]
[EventType "swiss"]
[EventRounds "10"]
[EventCountry "IND"]
[SourceTitle "CBM 189 Extra"]
[Source "ChessBase"]
[SourceDate "2019.06.03"]
[SourceVersion "1"]
[SourceVersionDate "2019.06.03"]
[SourceQuality "1"]

1. e4 e5 2. f4 Bc5 3. Nf3 d6 4. c3 Nf6 5. d4 exd4 6. cxd4 Bb6 7. Nc3 Bg4 8. Be2 Nc6 9. Be3 Qe7 10. h3 Bxf3 11. Bxf3 Nxe4 12. Bxe4 d5 13. 0-0 dxe4 14. Nd5 Qd7 15. Nxb6 axb6 16. f5 0-0-0 17. Qg4 Nxd4 18. Rad1 c5 19. Bxd4 cxd4 20. Qxe4 Rhe8 21. Qf4 Qd6 22. Rxd4 Qxd4+ 23. Kh2 Qxf4+ 24. Rxf4 g6 25. Rh4 h5 26. Rc4+ Kb8 27. Rb4 Re2 28. fxg6 fxg6 29. Rxb6 Rdd2 30. Rxg6 Rxb2 31. h4 Rxa2 32. Kh1 0-1

[Event "New Delhi Parsvnath op-B 17th"]
[Site "New Delhi"]
[Date "2019.01.10"]
[Round "4"]
[White "Dhanush, Ragav NS"]
[Black "Aaditya, Dhingra"]
[Result "1-0"]
[WhiteElo "1854"]
[BlackElo "1706"]
[PlyCount "119"]
[EventDate "2019.01.09"]
[EventType "swiss"]
[EventRounds "10"]
[EventCountry "IND"]
[SourceTitle "CBM 189 Extra"]
[Source "ChessBase"]
[SourceDate "2019.06.03"]
[SourceVersion "1"]
[SourceVersionDate "2019.06.03"]
[SourceQuality "1"]

1. d4 d5 2. c4 e6 3. Nc3 Nf6 4. Bg5 Be7 5. e3 Nbd7 6. Nf3 h6 7. Bh4 0-0 8. Rc1 c6 9. Bd3 b6 10. 0-0 Bb7 11. Qe2 c5 12. Rfd1 Ne4 13. Bxe7 Qxe7 14. cxd5 exd5 15. dxc5 Nxc3 16. Rxc3 bxc5 17. Rdc1 c4 18. Bb1 a5 19. b3 Ba6 20. bxc4 dxc4 21. Nd4 Qf6 22. Qf3 Qxf3 23. gxf3 Nb6 24. Be4 Rac8 25. Nc6 Rc7 26. Nxa5 Rc5 27. Ra3 Rfc8 28. Nb7 Rg5+ 29. Kf1 Ra8 30. Nc5 Rxc5 31. Bxa8 Bb5 32. Ra5 c3+ 33. Rxb5 Rxb5 34. Rxc3 Ra5 35. Be4 Rxa2 36. Rc6 Rb2 37. f4 Kf8 38. Rc7 Rb4 39. Bf3 g6 40. Kg2 Kg7 41. Rb7 Kf6 42. Bc6 g5 43. fxg5+ hxg5 44. Be8 Nd5 45. Rxf7+ Ke6 46. Ra7 Ke5 47. Ra5 Kd6 48. Bf7 Nf6 49. Rxg5 Rb2 50. Kf3 Rxf2+ 51. Kxf2 Ne4+ 52. Kg2 Nxg5 53. Bg6 Ke5 54. h4 Ne6 55. Kf3 Kf6 56. Bc2 Nc5 57. Kg4 Nd7 58. Kf4 Nf8 59. Bf5 Kg7 60. Kg5 1-0

[Event "Madurai op 1st"]
[Site "Madurai"]
[Date "2017.08.14"]
[Round "5"]
[White "Dhanush, Ragav NS"]
[Black "Sa, Kannan"]
[Result "1-0"]
[WhiteElo "1820"]
[BlackElo "1960"]
[PlyCount "113"]
[EventDate "2017.08.12"]
[EventType "swiss"]
[EventRounds "8"]
[EventCountry "IND"]
[SourceTitle "CBM 180 Extra"]
[Source "ChessBase"]
[SourceDate "2017.10.06"]
[SourceVersion "1"]
[SourceVersionDate "2017.10.06"]
[SourceQuality "1"]

1. d4 d5 2. c4 e6 3. Nc3 c6 4. e3 f5 5. Bd3 Bd6 6. Nge2 Ne7 7. Qc2 0-0 8. Bd2 a6 9. 0-0 Nd7 10. Rad1 Nf6 11. f3 Ng6 12. h3 Bb8 13. e4 Qc7 14. e5 dxc4 15. Bxc4 Nd5 16. Nxd5 cxd5 17. Bd3 Qb6 18. Kh1 Bd7 19. Rc1 Ba7 20. a3 Rac8 21. Qb1 Qd8 22. Rxc8 Bxc8 23. Rc1 Bd7 24. Bb4 Re8 25. Bc5 Bxc5 26. Rxc5 Ne7 27. Qc1 Nc6 28. Kg1 Qe7 29. Rc3 Rc8 30. Qc2 Qh4 31. Qc1 Rf8 32. f4 h6 33. Kh2 Qe7 34. Qe3 Be8 35. Nc1 g5 36. g3 gxf4 37. gxf4 Kh7 38. Rc2 Rg8 39. Be2 Qh4 40. Nb3 Rg7 41. Bd1 Ne7 42. Nc5 Ng6 43. Nxe6 Re7 44. Rc7 Rxc7 45. Nxc7 Bc6 46. Ne6 b6 47. Bc2 Qh5 48. Nd8 Be8 49. Nb7 Nh4 50. Nd6 Bd7 51. Bb3 Be6 52. Kg3 Ng6 53. Bc2 Qh4+ 54. Kh2 Qh5 55. Bd3 Nh4 56. Be2 Qg6 57. Qf2 1-0

[Event "IND-ch U13"]
[Site "Gujarath"]
[Date "2016.07.26"]
[Round "7"]
[White "Dhanush, Ragav NS"]
[Black "Aronyak, Ghosh"]
[Result "1/2-1/2"]
[WhiteElo "1787"]
[BlackElo "2193"]
[PlyCount "96"]
[EventDate "2016.07.22"]
[EventType "swiss"]
[EventRounds "11"]
[EventCountry "IND"]
[SourceTitle "EXT 2017"]
[Source "ChessBase"]
[SourceDate "2016.10.25"]
[SourceVersion "1"]
[SourceVersionDate "2016.10.25"]
[SourceQuality "1"]

1. d4 Nf6 2. Nf3 c5 3. d5 b5 4. c4 g6 5. cxb5 d6 6. b6 a6 7. e4 Nbd7 8. Nc3 Bg7 9. Be2 0-0 10. 0-0 Nxb6 11. Qc2 Bg4 12. h3 Bxf3 13. Bxf3 Nfd7 14. Rd1 Qc7 15. a4 Rfb8 16. Be2 Ra7 17. Be3 Na8 18. Rab1 Bxc3 19. bxc3 Qd8 20. Rb3 Rxb3 21. Qxb3 Qa5 22. Rb1 Nab6 23. Bd2 Qxa4 24. Qxa4 Nxa4 25. Ra1 Nab6 26. Rxa6 Rxa6 27. Bxa6 Ne5 28. Kf1 Nec4 29. Bxc4 Nxc4 30. Ke2 Kg7 31. Kd3 Ne5+ 32. Ke2 f5 33. Bf4 Nd7 34. f3 Kf6 35. h4 Nb6 36. Kd3 fxe4+ 37. fxe4 Nc8 38. Bg5+ Kf7 39. e5 dxe5 40. Ke4 Nd6+ 41. Kxe5 Nb5 42. Bd2 Ke8 43. Ke6 Nc7+ 44. Ke5 Kd7 45. Be3 Nb5 46. Bxc5 Nxc3 47. Bb4 Nb5 48. Bc5 Nc3 1/2-1/2

[Event "Mumbai Wealth op U13"]
[Site "Mumbai"]
[Date "2016.02.05"]
[Round "9"]
[White "Dhanush, Ragav NS"]
[Black "Mohammad Fahad, Rahman"]
[Result "0-1"]
[WhiteElo "1656"]
[BlackElo "2278"]
[PlyCount "100"]
[EventDate "2016.01.28"]
[EventType "swiss"]
[EventRounds "9"]
[EventCountry "IND"]
[SourceTitle "CBM 170 Extra"]
[Source "ChessBase"]
[SourceDate "2016.02.25"]
[SourceVersion "1"]
[SourceVersionDate "2016.02.25"]
[SourceQuality "1"]

1. d4 Nf6 2. Nf3 e6 3. c4 d5 4. Nc3 Be7 5. Bf4 0-0 6. e3 c5 7. dxc5 Bxc5 8. cxd5 Nxd5 9. Nxd5 exd5 10. a3 Nc6 11. b4 Be7 12. Qd2 Qb6 13. Rc1 a5 14. b5 Bxa3 15. bxc6 Bb4 16. Rc3 Bxc3 17. Qxc3 Qb1+ 18. Kd2 Bf5 19. Nd4 Bg6 20. Qb3 Qxb3 21. Nxb3 bxc6 22. Nc5 a4 23. Ba6 Ra7 24. Ra1 Bf5 25. Bb7 a3 26. Bd6 Re8 27. Kc3 a2 28. Kb3 Bb1 29. Kb4 d4 30. exd4 Rd8 31. Bc7 Rxd4+ 32. Kb3 Rd5 33. Bb6 Rxc5 34. Bxa7 Rb5+ 35. Kc3 Rxb7 36. Bc5 f6 37. Kc4 Kf7 38. Be3 Ke6 39. g3 Rb2 40. Kc3 Rc2+ 41. Kb3 c5 42. h3 Kd5 43. h4 c4+ 44. Kb4 Rb2+ 45. Kc3 Rb3+ 46. Kd2 c3+ 47. Kc1 c2 48. Kd2 Ke4 49. Bf4 Rd3+ 50. Kc1 Rf3 0-1

[Event "Mumbai Wealth op U13"]
[Site "Mumbai"]
[Date "2016.01.30"]
[Round "3"]
[White "Dhanush, Ragav NS"]
[Black "Kadakia, Veer"]
[Result "1-0"]
[WhiteElo "1656"]
[BlackElo "1368"]
[PlyCount "55"]
[EventDate "2016.01.28"]
[EventType "swiss"]
[EventRounds "9"]
[EventCountry "IND"]
[SourceTitle "CBM 170 Extra"]
[Source "ChessBase"]
[SourceDate "2016.02.25"]
[SourceVersion "1"]
[SourceVersionDate "2016.02.25"]
[SourceQuality "1"]

1. d4 d5 2. Nf3 c5 3. c3 Nc6 4. e3 Nf6 5. Nbd2 Bf5 6. Be2 e6 7. 0-0 Bd6 8. h3 Qc7 9. a3 h6 10. dxc5 Bxc5 11. b4 Bd6 12. c4 Ne4 13. Bb2 Be5 14. Nxe5 Nxe5 15. cxd5 exd5 16. Rc1 Qe7 17. Bxe5 Nxd2 18. Bb5+ Kd8 19. Bc7+ Qxc7 20. Rxc7 Nxf1 21. Rxb7 Nxe3 22. fxe3 Be6 23. Bc6 Rc8 24. Bxd5 Bd7 25. Bc6 Rc7 26. Rxc7 Kxc7 27. Qxd7+ Kb6 28. Qb7# 1-0

[Event "Mumbai Wealth op U13"]
[Site "Mumbai"]
[Date "2016.01.29"]
[Round "2"]
[White "Boricha, Yohan"]
[Black "Dhanush, Ragav NS"]
[Result "0-1"]
[WhiteElo "1221"]
[BlackElo "1656"]
[PlyCount "60"]
[EventDate "2016.01.28"]
[EventType "swiss"]
[EventRounds "9"]
[EventCountry "IND"]
[SourceTitle "CBM 170 Extra"]
[Source "ChessBase"]
[SourceDate "2016.02.25"]
[SourceVersion "1"]
[SourceVersionDate "2016.02.25"]
[SourceQuality "1"]

1. e4 e5 2. Nf3 Nc6 3. Bb5 a6 4. Ba4 Nf6 5. d3 b5 6. Bb3 Bc5 7. c3 d6 8. Nbd2 Be6 9. 0-0 0-0 10. Re1 Re8 11. h3 d5 12. Ng5 d4 13. Nxe6 fxe6 14. Nf3 Qd7 15. c4 Rf8 16. cxb5 axb5 17. Ng5 Nd8 18. a4 h6 19. Nf3 Bd6 20. Bd2 b4 21. Nh4 Kh7 22. f4 c5 23. f5 exf5 24. Nxf5 Nc6 25. Rf1 Na5 26. Rf3 c4 27. Bxc4 Nxc4 28. dxc4 Nxe4 29. Qc2 d3 30. Qxd3 Bc5+ 0-1